Arrêts Droit Administratif L2S2 - Arrêts essentiels - Statistiques

Statistiques générales
  • Ce quiz a été pris 25 fois
    6 depuis la dernière actualisation
  • Le résultat moyen est 42 sur 152
Statistiques - réponses
Juridiction Année Nom de l'arrêt Principe retenu Faits en l'espèce % Correct
CE, sect. 1936 Arrighi Amène la théorie de la loi-écran dans une logique de légicentrisme : Le juge administratif ne peut contrôler la constitutionnalité d’une loi servant de fondement à l’acte administratif. Il contrôle seulement la conformité de l'acte par rapport à la loi. (c'est l'hypothèse d'un contrôle de constitutionnalité indirect.)
100%
CE, ass. 2008 Commune d'Annecy Le JA reconnait la valeur constitutionnelle de la Charte de l’environnement de 2004 après que le CC l’ai fait. Il reconnaît également que toutes ses dispositions sont présumées invocables en droit administratif. (Le JA reconnait l'applicabilité mais pas l'invocabilité directe de la Charte de l'environnement : certaines dispositions de la charte sont formulées en des termes imprécis, il y a donc une nécessité d’intervention d’un acte intermédiaire pour préciser les choses.)
100%
CE, ass. 1950 Dehaene Le juge admet la possibilité d'un contrôle de constitutionnalité direct en Droit administratif, c'est à dire lorsque l'acte administratif n'est pas pris sur le fondement d'une loi (il n'y a pas de loi pour faire écran). (Conformité de l'acte à l'alinéa 7 du préambule de la Constitution de 1946)
100%
CE, ass. 1989 Nicolo Arrêt qui vient bouleverser ce qui est mis en place par la théorie de la loi-écran. Le juge administratif peut exercer un contrôle de conventionnalité, il se déclare donc compétent pour contrôler la loi.
100%
CE, ass. 1989 Nicolo Rappel : cette jurisprudence permet d'opérer un contrôle de conventionnalité des lois : on abandonne la théorie de la loi écran.
100%
CE, ass. 1954 Barel Principe d'égalité d'accès aux emplois publics
80%
CE, ass. 1950 Dame Lamotte Principe du recours pour excès de pouvoir
80%
CE, sect. 1944 Dame Veuve Trompier-Gravier Dégage un PGD du droit de la défense : acte fondateur des PGD
80%
n°71-44 DC 1971 Liberté d'association Étend le bloc de constitutionnalité : On passe d'une Constitution "stricto sensu" à une constitution "lato sensu", c'est à dire que l'on peut utiliser un bloc de constitutionnalité composé d'autres sources que la Constitution en elle-même comme sources à valeurs constitutionnelles.
80%
CE 1991 Quintin Hypothèse de l'écran transparent dans laquelle la théorie de la loi écran ne s'applique pas. On parle d'"écran transparent" lorsque la loi ne comporte pas vraiment de contenu et renvoie cela à une habilitation du pouvoir règlementaire.
80%
TC 1873 Blanco Vu comme l'arrêt qui fait émerger la responsabilité de l'État. Le TC indique ici que la responsabilité de l’état ne peut pas être engagée sur le fondement des règles du code civil. Un wagon de la manufacture de tabac de Bacallan blesse Agnès ... . Son père attaque donc la manufacture devant la juridictions civile (Article 1382 du Code civil)
60%
CE, ass. 1952 Dame Kirkwood Après (CE, ass., 7 juillet 1950) qui admet la possibilité d'un contrôle de constitutionnalité en DA, cette jurisprudence admet la possibilité d'un contrôle de conventionnalité. (Cependant, toujours dans le respect de la loi-écran)
60%
CE 1945 Sieur Aramu Considéré comme l'acte de naissance des PGD même s'il y a la jp précédente
60%
CE, sect. 1951 Société des concerts du conservatoire Principe d'égalité d'accès au service public
60%
CE 1913 Téry Le JA vient combler une lacune textuelle en introduisant le droit de la défense dans le procès administratif. On ne parle cependant pas encore de PGD.
60%
CE 1982 Ville de Toulouse Interdiction de rémunérer une personne en deçà du SMIC (Spécialisation des PGD)
60%
CE, ass. 2003 Aggoun Le JA peut indirectement contrôler la ratification si un acte administratif découle du traité (voie d’exception).
40%
CE, ass. 1956 Amicale des Annamites de Paris le JA reconnait en tant que PFRLR la liberté d’association, et ce, 15 ans avant la décision du Conseil constitutionnel, c’est d’ailleurs de cette décision que le Conseil constitutionnel s’inspire.
40%
CE, ass. 2023 Amnesty International France le JA a déclaré qu’il n’était pas en capacité de pouvoir se substituer au pouvoir public et qu’on ne pouvait donc pas lui demander des choses qui aboutirait à ce qu’il s’y substitue. Principe à relativiser au vu de la fonction prétorienne du JA.
40%
CE 1911 Anguet Le JA se positionne sur la présence de multiples fautes: s’il existe une faute personnelle et une faute de service, on met en place une condamnation solidaire, une condamnation du tout pour l'état, de sorte à ce que la victime soit remboursée. Cas dans un bureau de poste, le gérant expulse violemment quelqu'un pcq il voulait fermer plus tôt.
40%
CE, ass. 1997 Aquarone Place de la coutume internationale dans la hiérarchie des normes : comme les PGD supra-décrétale et infra-législative.
40%
CE 2010 Association du quartier "Les Hauts de Choiseul" Exemple d'un principe de la Charte de l'environnement qui n'était pas directement invocable : le principe de précaution (article 5). Un maire doit prendre en compte le principe de précaution au moment de délivrance d‘un permis de construire (pour l'implantation d'une antenne relais en l'occurence.) (Il est maintenant invocable)
40%
CE 1895 Cames Amène une responsabilité sans faute : le risque subi par les collaborateurs du service public.
40%
CE, ass. 2010 Cheriet-Benseghir Le CE abandonne le mécanisme de la question préjudicielle au ministre pour contrôler la réciprocité d'un traité.
40%
CE 1921 Commune de Monségur Les fautes présumées existent également pour les dommages de travaux publics : présomption de faute pour un défaut d'entretien.
40%
CE 1907 Compagnie des chemins de fer de l'Est et autres Le juge admet le contrôle des actes réglementaires.
40%
CE, ass., 1966 Compagnie générale d’énergie radio-électrique Consacre une nouvelle hypothèse de rupture de l'égalité devant les charges publiques : celle du fait des conventions internationales. Par ailleurs, comme pour les lois, les conventions internationales ne doivent pas avoir exclu cette responsabilité/indemnisation.
40%
CJCE 1964 Costa c/Enel Primauté du droit de l'UE. Les normes européennes sont censées prévaloir sur les lois, mais aussi sur la Constitution. (Par rapport à la Constitution c'est pas aussi simple que ça)
40%
CE, 1923 Couitéas Amène l'hypothèse de responsabilité sans faute dans le cas de la rupture de l'égalité devant les charges publiques. (Cette responsabilité sans faute est soumise à un caractère anormal et spécial) Les autorités administratives n'expulsent pas des squatteurs pour éviter de causer un trouble à l'ordre public.
40%
CE 2005 Deprez et Baillard Cette décision déclare également que le juge administratif n'a pas besoin de faire de contrôle de constitutionnalité, mais pas pour la même raison : c'est parce que c'est le rôle du Conseil constitutionnel depuis 1958.
40%
CE 1918 Époux Lemonnier Autre illustration du cumul des fautes de service et personnelle.+ Ccl Léon Blum : "Une faute peut se détacher du service, mais le service ne peut se détacher de la faute" un maire qui avait décidé de mettre en place un jeu de tir flottant. Une personne a été blessée au cours de l’un de ces tirs.
40%
n°2020-843 QPC 2020 Force 5 Suite à un certain nombre d'ordonnance non ratifiées contrôlées par le JA pendant le Covid, le Conseil constitutionnel a rendu cette décision selon laquelle l'ordonnance gagnait une valeur législative à l'expiration de son délai d'habilitation, ce qui correspond à un délai souvent plus court.
40%
CE, ass 2021 French Data Network Il existe un principe de primauté, sauf quand est en cause un principe inhérent à l’identité constitutionnelle de la France.
40%
CE, ass. 1989 Nicolo Le CE accepte la compétence du JA pour opérer un contrôle de conventionnalité.
40%
CE, ass. 2002 Papon Illustre les deux conditions de gravité et d'intention de nuire pour retenir la faute personnelle. Maurice Papon, alors préfet, fait preuve de zèle dans la déportation des populations juives vers les camps de la mort.
40%
TC 1873 Pelletier Les agents publics sont susceptibles d'engager leur responsabilité mais aussi celle de l'administration.
40%
TC 1873 Pelletier Pose la distinction entre la faute personnelle et la faute de service. La faute personnelle relève du Droit privé et la faute de service du Droit public.
40%
CE, ass. 2009 Perreux Une des limites à l'application de la jurisprudence internationale réside dans le fait que désormais le juge interne s’estime tout à fait compétent pour statuer sur le droit international.
40%
CE 1919 Regnault-Desroziers Fait émerger un régime de responsabilité sans faute : les choses dangereuses (risque danger). Un bâtiment de l'administration contenait des munitions et a explosé, causant des dommages.
40%
CE 1855 Rotschild c/ Larcher et Administration des Postes Avant (TC, 8 février 1873), il existait des exceptions où la responsabilité de l'administration pouvait être engagée. Ici en matière de dommage causé par les services postaux. il est vu comme le précurseur de (TC, 8 février 1873) mais moins cité car rendu sous le Second Empire. Perte d'un courier qui contenait un diamant.
40%
CE, ass. 1998 Sarran La Constitution prime en droit interne en toute circonstance.
40%
CE 1968 Sieur Tallagrand Le JA refuse d'invoquer un principe du préambule de la Constitution de 1946 car "pas assez précis" et refuse donc de lui accorder un effet direct. Il déclare que pour être invoquées, les dispositions imprécises doivent être concrétisées par un acte intermédiaire/une loi. C'est donc une limite au contrôle de constitutionnalité direct.
40%
CE, ass., 1938 Société anonyme des produits laitiers "La Fleurette" Cette jurisprudence admet l'hypothèse selon laquelle, on peut invoquer une rupture devant l'égalité devant les charges publiques par rapport à une loi. (On peut voir ici que le juge va plus loin en matière indemnitaire qu'en matière de légalité par rapport à CE, sect., 6 novembre 1936) Loi prise par le législateur er qui visait à protéger les protecteurs laitiers français en excluant notamment la fabrication et le commerce de tout produit ressemblant à de la crème laitière, certains ont perdu beaucoup d’argent
40%
CE, ass. 1959 Syndicat général des ingénieurs conseils Le CE affirme que les PGD s’imposent à l’administration et aux règlements.
40%
CC 1973 Taxation d'office Exemple de PGD qui a perdu de son rayonnement parce que le Conseil Constitutionnel l'a également érigé comme ayant une valeur constitutionnelle. Ici le principe d'égalité.
40%
Cass. Civ., 1896 Teffaine Met en place une responsabilité du fait des choses : prémices du risque.
40%
CJCE 1963 Van Gend en Loos Cet arrêt rendu par la CJCE prévoyait que toutes les normes européennes étaient d'effet direct.
40%
Cass., Ch. mixte 1975 Administration des douanes c. Société des cafés Jacques Vabre La Cour de cassation accepte que le JJ puisse opérer un contrôle de conventionnalité.
20%
CE, ass. 1997 Aquarone Le JA accepte de se prononcer sur l'existence -ou non- d'une coutume internationale.
20%
CE, ass. 2019 Association des américains accidentels Exception à (CE, ass., 23 décembre 2011). Si les deux normes internationales en conflit sont inconciliables, mais qu'une norme de DUE est en cause, elle prévaut.
20%
CPJI 1928 Avis sur le couloir de Dantzig Pose le principe selon lequel un traité peut conférer des droits directs aux particuliers lorsqu'il exprime clairement l'intention des parties de créer de telles prérogatives individuelles, indépendamment d'une transposition interne. (effet direct soumis aux conditions de (1) précision et de (2) création de droits et obligations.
20%
CPJI 1928 Avis sur le couloir de Dantzig (Rappel) les normes internationales ont un effet direct dès lors qu’elle crée des droits et obligations pour les particuliers
20%
CE 2009 Beaufils En matière de responsabilité dans le cadre d'une activité de SPIC, par principe, le JJ est compétent. Dommages dans un domaine skiable.
20%
CE 2016 Bernabé Le juge administratif va plus loin dans son contrôle de l’acte de gouvernement en ce qu’il admet qu’il peut résulter d’un acte de gouvernement une responsabilité sans faute dans l’hypothèse d’une rupture de l’égalité devant les charges publiques.
20%
CE 1990 Boisdet Le JA admet que le droit communautaire a une valeur supra-législative dans la hiérarchie des normes.
20%
CE, sect 1990 Bourgeois Différencie faute lourde et faute simple en matière de service fiscaux selon que l'action soit difficile ou non.
20%
CE 1895 Cames Fait émerger la responsabilité sans faute. (L'État est responsable du risque qu'il fait courir à ses agents.
20%
CE 2003 Chabba Cette jurisprudence amène le fait que la faute simple est de rigueur en matière de service public pénitentiaire. Un individu en détention provisoire qui estimait être détenu sans fondement légal s'est suicidé.
20%
CE 1970 Clément En principe, la charge de la preuve incombe au demandeur. (Appliqué au droit de la responsabilité, il faut prouver le fait générateur, le lien de causalité et le préjudice.)
20%
CE, ass. 1978 Cohn-Bendit Le JA français montre une réticence à l'effet direct de toutes les normes européennes. Il dit dans cet arrêt que lorsqu’une directive n’est pas transposée dans les délais, elle ne peut pas être invocable puisque elle n’est pas applicable. Le CE montre donc une réticence à l’égard du DUE.
20%
CE, sect., 1963 Commune de Gavarnie Cette jurisprudence fait émerger l'hypothèse selon laquelle une rupture de l'égalité devant les charges publique peut être invoquée par rapport à des décisions administratives réglementaires (donc générales et impersonnelles) Le sens de la circulation d'une voie était en l’espèce modifié et donc les marchands n’avaient plus de visite
20%
CE 2020 Commune de Grande-Synthe Ici, le juge utilise des normes internationales qui ne sont pas applicables pour interpréter des normes internes. Dans cet important arrêt en contentieux écologique, le JA utilise l'invocabilité d'interprétation sans vraiment dire que c'est ce qu'il fait.
20%
CE 2002 Commune de Porta Le juge s'interdit cependant de vérifier la compatibilité du traité avec le droit interne. Ce sont pour lui des actes de gouvernement. Il s'autorise seulement à vérifier la régularité du traité. Traité entre la France et la Principauté d’Andorre, signé le 12 septembre 2000, rectifiant la frontière entre les deux États et affectant le territoire de la commune de Porta
20%
CE, sect., 2000 Commune de Saint-Florent Pour le préfet lorsqu’il contrôle les actes des autorités décentralisés, le principe est de la faute lourde. Il y avait un retard à prononcer un acte de dissolution d’un syndicat intercommunal: il n’y avait pas de responsabilité de l’état en espèce car il n’y avait pas de faute lourde.
20%
CE, ass., 1946 Commune de Saint-Priest La Plaine Amène l'hypothèse de la responsabilité sans faute pour le risque subi par les collaborateurs occasionnels du service public. Un maire a demandé aux habitants d’assurer un tir de feu d’artifice et ces personnes ont été blessées.
20%
CE, ass. 1989 Compagnie Alitalia Ce mécanisme pour contourner la non-transposition de la directive a été découverte par le juge administratif avant même que la CJCE ne le fasse : l'invocabilité d'exclusion. Elle permet d'exclure une norme nationale contraire au droit européen.
20%
CE 2005 Coopérative agricole Ax’ion L'exclusion de l’indemnisation par le législateur doit désormais être explicite. (On parle ici de l'indemnisation pour le motif d'une loi créant une rupture de l'égalité devant les charges publiques)
20%
CJCE 1964 Costa c/Enel Le droit de l'UE est un ordre juridique propre intégré dans le droit national. Ce qui le distingue du droit extra-national : c'est un droit supra-national.
20%
CC, n°98-408 1999 Cour Pénale internationale On ne peut se prévaloir de défaut de réciprocité pour tout les traités. Ici pour les traités créant une loi commune.
20%
CE, ass. 2016 Czabaj Interprétation "contra legem" de la part du JA dans le but de protéger la sécurité juridique (on parle de ...isation du droit)
20%
CE, ass. 1952 Dame Kirkwood (Rappel) Possibilité d’opérer un contrôle de conventionnalité des actes administratifs s’il n’y a pas de loi qui fait écran.
20%
CE, ass. 1978 Darmont Ilôt d'irresponsabilité : le contenu d'une décision de justice ne peut entraîner la responsabilité de l'état, même si il me cause du tort.
20%
CE, ass., 1978 Darmont L'organisation du service public de la justice administrative est susceptible d'engager la responsabilité de l'état s'il existe une faute lourde. En revanche si est en cause la contenu d’une décision et non l’organisation, subsiste un principe d’irresponsabilité de l’État car l’autorité de la chose jugée s’y oppose
20%
CE 1970 De Malglaive Autre jp illustrative du contrôle de la publication d'un traité.
20%
CE, sect., 1962 Doublet Lorsque le préfet se substitue au maire, sa responsabilité est toujours subordonnée à la faute lourde.
20%
CE, sect. 1973 Driancourt Toute illégalité d'un acte administratif est considérée comme fautive.
20%
CE 1838 Duchâtellier Cette jurisprudence indique qu’on ne peut pas mettre en cause le législateur, on ne peut contrôler la loi, ainsi, il est possible d’admettre une indemnisation et pas davantage.
20%
CJUE 2024 Energotechnica Les juges nationaux peuvent et doivent écarter une décision qui serait contraire au DUE y compris lorsqu’il s’agit de décisions de leur Cours Constitutionnelles.
20%
CE, ass. 1992 Époux .V Cette jurisprudence marque le déclin de la faute lourde, elle admet la faute simple en général. Ici on estime que toutes les activités hospitalières sont susceptibles d'engager la responsabilité de l'administration sur le fondement de la faute simple.
20%
CE 1961 Eveillard Malgré des régimes législatifs (loi du 1er juillet 1964, puis loi du 4 mars 2002 qui amène l'article L1142-1 du CSP) amenant une responsabilité sans faute dans le domaine médical, il reste des domaines avec présomption de faute, comme le défaut de surveillance. Ici lorsqu'un patient s'échappe et commet un dommage à cette occasion.
20%
CE, ass. 2010 Fédération de la libre pensée Exemple de refus du juge de vérifier la conformité d'une convention au droit interne, s'autorisant seulement à contrôler la régularité de la ratification. Accord entre la France et le Saint-Siège sur la reconnaissance des diplômes de l’enseignement supérieur
20%
Cass., ass., plén. 2000 Fraisse Reprend la décision (CE, ass., 30 octobre 1998) : la Constitution prime en droit interne en toute circonstance.
20%
CJCE 1991 Francovich et Bonifaci Cet arrêt montre un autre mécanisme pour pouvoir invoquer des directives non transposées : avec l'invocabilité de réparation, on peut obtenir la réparation que l'on aurait obtenue si la directive visée avait été transposée. Une directive sur l'indemnisation des entreprises en faillite n'avait pas été transposée en Italie.
20%
TC 2021 Garde des sceaux, ministre de la justice Pendant longtemps, le JA se sentait compétent lorsqu'était en cause la responsabilité de la PJ. Cette décision rationalise cela en disant que toutes les opérations de police judiciaire y compris quand elles sont dommageables relèvent du juge judiciaire.
20%
TC 2021 Garde des sceaux, ministre de la justice Bloc de compétence du JJ : il est compétent pour les dommages causés par les activités de police.
20%
TC 1908 Girodet c/ Morizot Illustre la condition de gravité pour retenir une faute personnelle. Un professeur tenait des propos insultant et diffamatoires.
20%
CE, sect. 1997 GISTI Cette jurisprudence posait deux conditions pour qu'une norme international être considérée d’effet direct : une norme internationale doit être suffisamment précise et ne doit pas concerner les relations entre états.
20%
CE, ass. 1990 GISTI Après l'arrêt (CE, ass., 20 octobre 1989), le juge administratif abandonne les questions préjudicielles envoyées au gouvernement pour interpréter les traités internationaux. Il n'est en tout cas plus lié par l'interprétation rendu s'il pose cette question.
20%
CE, ass. 2012 GISTI et FAPIL Cette jurisprudence vient modifier, assouplir (CE, sect., 23 avril 1997) : une norme internationale est présumée d’effet direct à compter du moment où elle crée des droits dont les particuliers peuvent se prévaloir directement (norme applicable, existence) et où la norme internationale ne régit pas exclusivement les relations entre états. Demande une analyse et non une simple lecture de la part du JA.
20%
CE, ass. 2016 Gonzales-Gomez Le juge explicite un contrôle concret de conventionnalité à l'image du Juge judiciaire.
20%
CE 2013 Imbert Vient expliciter l'arrêt (CE, section., 26 janvier 1973) qui dit que toute illégalité d'un acte administratif est considérée comme fautive.
20%
CE, ass. 2011 Kandyrine de Brito Paiva Le JA a fini lui aussi par affirmer que le droit de l'UE est un ordre juridique intégré.
20%
CE, ass. 2011 Kandyrine de Brito Paiva Le juge explique que quand deux normes internationales sont confrontées à lui, il faut voir les choses en terme de conciliation et non pas de hiérarchie. Si elles sont inconciliables, on fait primer la norme contestée. L’acte litigieux est alors maintenu.
20%
CE 2020 Karatepe Dans le cadre des polices sanitaires, relatif au scandale des prothèses mammaires PIP, des carences ont été relevées, et une faute simple a été retenue.
20%
CE, sect 2011 Krupa La faute lourde est abandonnée en matière fiscale. La faute simple régit alors l'ensemble du domaine fiscal.
20%
CJCE 2000 Linster Cette création de l'invocabilité d'exclusion est transposée par la CJCE.
20%
CC n° 2004-496 DC 2004 Loi pour la confiance dans l'économie numérique Le Conseil Constitutionnel donne une valeur constitutionnelle à l'obligation de transposer les directives.
20%
CC, n° 2004-496 DC 2004 Loi pour la confiance dans l'économie numérique Obligation à valeur constitutionnelle de transposer les directives. La seule limite à cela est la réserve d'identité constitutionnelle.
20%
CC, n°2015-715 DC 2015 Loi pour la croissance, l’activité et l’égalité des chances économiques Le fait de prévoir une réparation sur le fondement de l’égalité devant les charges publiques constitue un principe constitutionnel.
20%
CC n°74-54 DC 1975 Loi relative à l'interruption volontaire de grossesse Le Conseil constitutionnel se refuse à opérer un contrôle de conventionnalité et renvoie cela au juge ordinaire.
20%
CC, n° 99-419 DC 1999 Loi relative au pacte civil de solidarité Cette décision du CC a décidé d’ériger au niveau constitutionnel la nécessité de réparer (art 1240 CC) tout acte fautif mais cette décision n’a pas eu d’incidence en DA: elle n’a pas eu d'incidence pour le JA à transposer la décision car indépendance et liberté des juges : Le JA peut donc maintenir les ilots d'irresponsabilité.
20%
CE 1961 Magnier Selon cette jurisprudence, le juge administratif n'est compétent que si la personne privée a exercé des prérogatives de puissance publique (PPP) au moment du dommage
20%
CE 1980 Martins Malgré des régimes législatifs (loi du 1er juillet 1964, puis loi du 4 mars 2002 qui amène l'article L1142-1 du CSP) amenant une responsabilité sans faute dans le domaine médical, il reste des domaines avec présomption de faute, ici quand sont en cause des gestes courants qui concernent des actes bénins.
20%
CE 2015 Ministre de la justice c/ Craighero Réaffirme/Explicite les critères jurisprudentiels pour considérer qu'une faute est une faute personnelle : la faute personnelle est toute faute qui révèle une certaine gravité et une intention de nuire.
20%
CE, sect. 2011 Mme Saleh Le JA applique la coutume internationale en matière d'immunité des diplômates.
20%
CE, ass. 2024 Mutuelle centrale de réassurance En terme d'îlot d'irresponsabilité pour les actes de gouvernement, Le CE a néanmoins statué en reconnaissant qu’un acte de gouvernement, lorsqu’est invoquée la responsabilité sans faute, l’acte de G non fautif, légal, régulier, peut engager la responsabilité de l’état. (Attention arrêt très spécifique sur la responsabilité du Gouvernement par rapport au Harkis et la guerre d'Algérie)
20%
CE 1925 Navarro Illustre la condition d'intention de nuire pour retenir la faute personnelle Un préfet accorde indûment une carte d'invalidité à un administré qui n'y a pas droit, mais impose simultanément une surveillance policière pour le poursuivre dès qu'il en fera usage.
20%
CE 2000 Paulin Le JA applique les PGDI
20%
CE 2000 Paulin Place des PGDI dans la hiérarchie des normes : comme les PGD supra-décrétale et infra-législative.
20%
CE, ass. 2009 Perreux On assiste à un revirement de jurisprudence : il est possible de se saisir de toutes les directives, qu’elles aient été transposées ou non dans les délais. Elle clarifie également ce que disait la jp (CJCE, 9 mars 1978) : le juge national et le juge de droit commun de l'application du droit communautaire
20%
CE, sect., 1962 Perruche Amène la responsabilité sans faute, pour risque du fait des situations dangereuses. Fonctionnaire en poste à l’étranger qui avait été contraint de rester en poste dans une période politique instable dans ce pays (Corée du Sud). Il a subit des dommages.
20%
CE 1937 Quesnel Admet le mécanisme de la faute personnelle non dépourvue de tout lien avec le service.
20%
CE, ass. 1988 SARL du parc d'activités de Blotzheim Le JA peut contrôler directement la régularité de la ratification d’un traité (par voie d’action).
20%
CE 1968 Sieur Tallagrand Ilôt d'irresponsabilité : Un acte de gouvernement n'est pas susceptible d'engager la responsabilité de l'État.
20%
CJCE 1978 Simmenthal Le juge national est le juge de droit commun de l'application du droit communautaire.
20%
CE 2021 Société Aéronord Le CE confirme la décision (TC, 8 février 2021)
20%
CE, ass. 2007 Société Arcelor Atlantique et Lorraine Le CE confirme l'obligation de transposer les directives européennes.
20%
CE, ass. 2007 Société Arcelor Atlantique et Lorraine (Rappel) : Le CE confirme l'obligation de transposer les directives européennes.
20%
CE 1924 Société d’assurances mutuelles "Les Travailleurs français" Les présomptions de faute sont nées dans le cadre des accidents de la circulation. Le juge a donc dans cet arrêt établi une présomption qui pesait sur le dos de l'administration.
20%
CE, sect. 1987 Société Nachfolger Navigation Company Le JA accepte de vérifier l'existence des Principe Généraux du Droit International (PGDI)
20%
CE 2010 Société Touax Maintien d'un îlot d'irresponsabilité pour ce qui est des dommages subis lors d'opérations militaires.
20%
CE, sect. 1968 Syndicat général des fabricants de semoule de France Confirme à l'époque la théorie de la loi-écran pour le contrôle de conventionnalité.
20%
CE 2001 Syndicat national de l'industrie pharmaceutique Les PGD dégagés par la CJUE mais qui n'existent pas en droit français (comme la confiance légitime ou la coopération loyale) sont applicables en vertue de la jurisprudence.
20%
TC 1935 Thépaz Il n'y a pas de lien entre faute personnelle et faute pénale.
20%
CE, sect., 1956 Thouzelier Amène la responsabilité sans faute pour les méthodes dangereuses (risque danger). Le juge l'admet ici pour les mineurs délinquants. (Les méthodes dangereuses sont pour rappel les alternatives à l'enfermement/la rééducation d'individus susceptibles d'être dangereux.
20%
CE 1905 Tomaso Grecco On peut considérer que cet arrêt met un terme à l’ambiance d’irresponsabilité du XIXème siècle puisqu'il met en avant la responsabilité des activités de police (touche au caractère régalien de l’État).
20%
CE 1905 Tomaso Grecco Fait émerger la possibilité d'admettre la responsabilité de l'État du fait des activités de Police sur le fondement de la faute lourde (alors compétence du JA).
20%
CC n°2004-505 DC 2004 Traité établissant une Constitution pour l'Europe Confirme que le droit de l'UE est un ordre juridique intégré
20%
CJCE 1984 Van Colson et Kamann L'invocabilité d'interprétation est introduite par cet arrêt, pour contourner la non transposition de directives par les états. Si une directive n'est pas transposée, l'invocalabilité d'interprétation permet tout de même d'utiliser la directive non transposée pour interpréter une norme nationale.
20%
CJCE 1974 Van Duyn La CJCE exprime, dans la continuité de (CJCE, 5 février 1963), que les directives européennes sont invocables, d'effet direct, même si non transposées dans les délais.
20%
CE, ass. 1956 Villa Dans cet arrêt, le CE contrôle la publication du traité. En effet, un traité non publié ne peut avoir d'effets juridiques sur l'ordre interne. Par ailleurs, cet arrêt rappelle que le CE ne peut enjoindre au gouvernement de publier car cela constitue un acte de gouvernement.
20%
CC, n°86-244 DC 1987 Conseil de la concurrence Consacre un bloc de compétence au profit du JJ et il existe des matières réservées par nature au JJ.
0%
CE, sect 2008 Conseil national des barreaux le JA peut contrôler la directive européenne au regard d’autres conventions internationales externes au DUE (CEDH) lorsqu’il existe un principe équivalent et que le CE statue comme un juge de l’UE. Le JA n’opère plus un contrôle de l’acte par rapport à la loi mais il opère un contrôle de convention par rapport à une autre convention
0%
CE 2019 Époux Bujon Réaffirme (CE, sect., 14 décembre 1962) : lorsque le préfet se substitue au maire, sa responsabilité est toujours subordonnée à la faute lourde.
0%
CE, ass. 2020 Fédération CFDT des finances et autres Le CE tente de dialoguer avec le conseil constitutionnel et ressort le principe suivant de cette décision : lorsqu’une ordonnance porte atteinte aux Droits et Libertés de la Constitution, cette ordonnance, passée le délai d’habilitation n’est plus contrôlable par le JA, c’est alors la compétence du CC avec la QPC. Les ordonnances ne mettant pas en cause les droits fondamentaux sont elles contrôlables par le JA jusqu'à la ratification par le Parlement.
0%
CE 1961 Fédération nationale des syndicats de police Une ordonnance a une valeur réglementaire jusqu'à ce qu'elle soit ratifiée. Elle gagne alors une valeur législative.
0%
CE, ass., 2002 Magiera Mise en avant du droit au recours effectif: il doit être possible d’engager la responsabilité de l’administration en cas de délai déraisonnable de jugement, avec seulement une faute simple.
0%
TC 2013 M. Duperon-Julien c/ Fédération française de vol libre Le JA est compétent pour apprécier la responsabilité de la personne privée exerçant des PPP.
0%
CC n°2020-858/859 QPC 2020 M. Geoffroy F. et autre Le CC explique que lorsqu’un juge (constitutionnel ou judiciaire ou administratif) a à apprécier une loi, dans le cadre de son contrôle, ils ne peuvent pas écarter la question de la constitutionnalité au profit de la conventionnalité. (Donc si il y a QPC ils ne peuvent l'ignorer)
0%
CE 2025 Ministre de la santé et de la prévention Une carence de l'état a été reconnu pendant la crise sanitaire, par rapport à la gestion des stocks de masques.
0%
CE, ass., 2020 Ministre de l’économie c/ Kechichian Dans le domaine des autorités de régulation, le principe est la faute lourde. La commission bancaire qui n’avait pas opéré un contrôle correct et donc en l’espèce, pour engager la responsabilité il fallait une faute lourde qui n'a pas pu être caractérisée.
0%
CE, sect. 1989 Ministre du budget Dans cette décision, le CE applique l'invocabilité d'interprétation.
0%
CE 2020 Ministre du Travail La faute simple a été admise pour certaines activités de contrôle qui disposent d'une large marge de manoeuvre. (faute lourde si difficulté et faute simple si facile)
0%
CE 1958 Rakotoarinovy Admettait que la faute lourde était de rigueur en matière de service public pénitentiaire en tant qu'activité régalienne.
0%
TC 2000 Ratinet Le TC statue sur le fond pour éviter un déni de justice, comme le lui permet la loi du 20 avril 1932. Concerne une hypothèse de responsabilité médicale: il s’agissait d’une interaction entre établissement privé et public, une personne s’est faite hospitalisée, du sang lui a été transfusé et les conséquences ont été lourdes(l’établissement public lui a transfusé mais il était dans établissement privé). Le JJ a estimé que le responsable était le centre de transfusion sanguine (public) et le JA a estimé que les deux étaient responsables et ainsi cela aboutirait à une contradiction.
0%
CE 1983 SA Bureau Véritas Le JA est compétent lorsque des PPP sont en cause et que cet exercice de PPP cause un dommage.
0%
CE, ass. 2018 SARL Super Coiffeur Un État partie à une convention peut émettre des réserves comme ici la France pour l'interdiction du cumul des sanctions. La France a en effet émis une réserve en ce qu'elle ne cumule pas les différentes sanctions pénales mais peut cumuler sanctions pénales et administratives. Ici, sanctions pénales et administratives pour l'emploi d'étrangers un situation irrégulière.
0%
CE, ass. 1992 Société Arizona Tobacco et SA Philip Morris France Le JA applique cette invocabilité de réparation.
0%
CE, ass. 2006 Société de Groot en Slot Il existe un cas où le juge national peut être lié par une interprétation relevant du DUE : lorsqu'il décide d'envoyer une question préjudicielle.
0%
CE 1967 Société française d'entreprise de dragage et de travaux publics Sur l'applicabilité du droit international : la régularité de la signature d'un traité peut être contrôlée par le JA.
0%
CE 2001 Syndicat national de l'industrie pharmaceutique Contrairement aux normes non écrites internationales classiques, les normes non écrites européennes, les PGDUE, sont au-dessus des lois
0%
CE 1823 Veuve Murat Auparavant, le JA envoyait des questions préjudicielles et se considérait lié par l'interprétation du Gouvernement pour utiliser ces normes internationales.
0%
Aucun quiz correspondant
Distribution des résultats
% des personnes avec chaque résultat
Percentile par nombre de réponses
Votre historique - résultats
Vous n’avez pas pris ce quiz depuis la dernière actualisation